00724 2200241 4500001002100000005001700021008004100038020001800079035002400097082000800121090001700129245010700146260003100253300002300284500003500307650002100342700002400363700002000387850001200407990002100419990002100440999002100461YOGYA-0209000005591920161028100904.0 ind  a979-672-446-4 0010-020900000055919 a372 aDEP 372bAyo aAyo Menjadi Anak berimancTim Penyusun, Sr. Gregoria Maria...[et.al];Tim editor Y.B. Priyana...[et.al] aYogyakartabKanisiusc1999 a...jlbilusc28 cm aBuku kerja T K B, caturwulan 3 aPendidikan Dasar aMaria, Gregoria, Sr aPriyanahadi,Y.B aYOPDYOG aCB-D.11/1999-347 aCB-D.11/1999-348 aCB-D.11/1999-349